00257nam a2200097Ia 4500008004100000100001400041245003500055260004300090300000800133650001800141191201s2017 xx 000 0 und d aGARG,B.K. 0aBhartiya Sahiya Parmuk Dishyan aN. delhibHaryana Granth Academic2017 a214 aGeneral Books